| 000 | 00580nam a2200193Ia 4500 | ||
|---|---|---|---|
| 003 | 0100 | ||
| 005 | 20150327141106.0 | ||
| 008 | 130303s9999 xx 000 0 und d | ||
| 040 | _cARRUPELIB | ||
| 050 | _aBR1360.H421997 | ||
| 100 |
_aHerrmann, Karl _916711 |
||
| 245 |
_aShona Ritual-Kuchenura Munhu _bAn Encounter between Shona Religion and Christian Faith, Inculturation or Conver |
||
| 260 | _aNairobi | ||
| 260 | _bHekima College | ||
| 300 | _a47p | ||
| 300 | _b12p | ||
| 650 |
_bEducation, Secondary -- Activity programs -- United States _916712 |
||
| 942 |
_2lcc _cSPC |
||
| 999 |
_c17881 _d17881 |
||